000 00986nam a2200289 a 4500
001 36248
003 BD-RjUL
005 20211209052446.0
008 880808s1966 nju 001 0 eng
035 _a(BD-RjUL)36345
040 _aDLC
_cDLC
_dm.c
_dBD-RjUL
_beng
041 _aeng
082 _a320.947084
_bSOV 1966
100 1 _d1930-
_9110312
245 1 0 _aSoviet institutions and policies :
_binside views /
_cedited by William G. Andrews with the assistance of Franz D. Scholz
260 _aPrinceton, N.J :
_bVan Nostrand,
_c1966.
300 _axii, 411 p. ;
_c23 cm
490 0 _aVan Nostrand political science series
504 _aIncludes index.
651 0 _aSoviet Union
_xPolitics and government
_y1945-1991
_9110313
651 0 _aSoviet Union
_xEconomic conditions
_y1955-1965
_913195
651 0 _aSoviet Union
_xForeign relations
_9110314
700 1 _aScholz, Franz D.
_9110315
700 1 _aAndrews, William George,
_976655
942 _2ddc
_cBK
999 _c36248
_d36248